Score 0/23 Timer 10:00
0 Plays Today
episode reward/elimination % Correct
walk like a egyptian part 1duncan
97.6%
walk like a egyptoin part 2ezekiel
95.8%
super happy crazy fun time in japanharold
95.8%
anything yukon do i can do betterbridgette
89.8%
slap slap revolutionleshawna
77.7%
falling in lovurelindsay
66.9%
broadway baby!apples, meat grinder, candy
64.5%
jamaca me sweatizzy, DJ
59%
i see londonnoah
58.4%
the ex-filestyler
56.6%
the winnerheather
56.6%
picnic on hanging dorkgwen
54.2%
episode reward/elimination % Correct
hawaiian punchcody, alejandro
54.2%
chineese fake-outblaineley, courtney
53%
aww drumhellersierra
52.4%
niagra brawlsowen
51.8%
african sociatyduncan again
51.2%
greeces piecesthis intern
33.1%
the am-AH-zon racebananas
31.3%
newf kids on rockclam chowder supper
16.3%
sweeden soursweedish massage
10.2%
rapa phooeyfirst class cabin
9%
the road race episodethe breaker selection
6%
Remove Ads.
Support Sporcle.
Get the best of Sporcle when you Go Orange. This ad-free experience offers more features, more stats, and more fun while also helping to support Sporcle. Thank you for becoming a member.

You're not logged in!

Compare scores with friends on all Sporcle quizzes.
OR
Log In

Show Comments

Extras

Top Quizzes Today


Score Distribution

Your Account Isn't Verified!

In order to create a playlist on Sporcle, you need to verify the email address you used during registration. Go to your Sporcle Settings to finish the process.

Report this User

Report this user for behavior that violates our Community Guidelines.

Details: